Method of produce breeder seed of mung bean variety kk3 at kbal koh vegetable seed station វិធីសាស្រ្តផលិតពូជជំរើសវិទូ នៃសណ្តែកបាយ KK3 នៅស្ថានីយ៏ពូជបន្លែក្បាលកោះ (Record no. 672)

000 -LEADER
fixed length control field 00647nam a22001577a 4500
003 - CONTROL NUMBER IDENTIFIER
control field OSt
005 - DATE AND TIME OF LATEST TRANSACTION
control field 20150917160045.0
008 - FIXED-LENGTH DATA ELEMENTS--GENERAL INFORMATION
fixed length control field 150917b xxu||||| |||| 00| 0 eng d
040 ## - CATALOGING SOURCE
Transcribing agency RUA
082 ## - DEWEY DECIMAL CLASSIFICATION NUMBER
Classification number AGR CHO 2001 B026 Or.1
100 ## - MAIN ENTRY--PERSONAL NAME
9 (RLIN) 698
Personal name CHOU, RADINA.
245 ## - TITLE STATEMENT
Title Method of produce breeder seed of mung bean variety kk3 at kbal koh vegetable seed station វិធីសាស្រ្តផលិតពូជជំរើសវិទូ នៃសណ្តែកបាយ KK3 នៅស្ថានីយ៏ពូជបន្លែក្បាលកោះ
260 ## - PUBLICATION, DISTRIBUTION, ETC. (IMPRINT)
Place of publication, distribution, etc. Phnom Penh
Name of publisher, distributor, etc. RUA
Date of publication, distribution, etc. 2001
300 ## - PHYSICAL DESCRIPTION
Extent 77p.
Other physical details ill.
Dimensions 29cm.
942 ## - ADDED ENTRY ELEMENTS (KOHA)
Source of classification or shelving scheme
Koha item type AGR
Holdings
Price effective from Date last seen Permanent Location Not for loan Date acquired Source of classification or shelving scheme Koha item type Barcode Lost status Damaged status Shelving location Withdrawn status Current Location Full call number
2015-09-172015-09-17Library Block B 2015-09-17 AGRRUA002213  B026 Library Block BAGR CHO 2001 B026 Or.1
2015-09-172015-09-17Library Block B 2015-09-17 AGRRUA002141  B026 Library Block BAGR CHO 2001 B026 Or.2
2015-09-172015-09-17Library Block B 2015-09-17 AGRRUA002499  B026 Library Block BAGR CHO 2001 B026 Or.3
2015-09-172015-09-17Library Block B 2015-09-17 AGRRUA002494  B026 Library Block BAGR CHO 2001 B026 Or.4
2015-09-172015-09-17Library Block B 2015-09-17 AGRRUA002422  B026 Library Block BAGR CHO 2001 B026 Or.5
2015-09-172015-09-17Library Block B 2015-09-17 AGRRUA002350  B026 Library Block BAGR CHO 2001 B026 Or.6
2015-10-062015-10-06Library Block B 2015-10-06 AGRRUA009289  B026 Library Block BAGR CHO 2001 B026 Or.7
2015-10-062015-10-06Library Block B 2015-10-06 AGRRUA015161  B026 Library Block BAGR CHO 2001 B026 Or.8
2015-10-312015-10-31Library Block B 2015-10-31 AGRRUA030684  B026 Library Block BAGR CHO 2001 B026 Or.9
2016-01-262016-01-26Library Block B 2016-01-26 AGRRUA051745    Library Block BAGR CHO 2001 B026 Or.10
មជ្ឈមណ្ឌលឯការនៃសាកលវិទ្យាល័យភូមិន្ទកសិកម្មចំការដូង

Powered by Koha